Pesticide formulation : (Record no. 1349)
[ view plain ]
| 000 -LEADER | |
|---|---|
| fixed length control field | 00817cam a2200253 a 4500 |
| 001 - CONTROL NUMBER | |
| control field | BD-DhSAU 1349 |
| 003 - CONTROL NUMBER IDENTIFIER | |
| control field | BD-DhSAU |
| 005 - DATE AND TIME OF LATEST TRANSACTION | |
| control field | 20170612121811.0 |
| 008 - FIXED-LENGTH DATA ELEMENTS--GENERAL INFORMATION | |
| fixed length control field | 991007s2004 ii a b 001 0 eng |
| 020 ## - INTERNATIONAL STANDARD BOOK NUMBER | |
| International Standard Book Number | 8123911246 |
| 040 ## - CATALOGING SOURCE | |
| Original cataloging agency | BD-DhSAU |
| 082 ## - DEWEY DECIMAL CLASSIFICATION NUMBER | |
| Edition number | 22 |
| Classification number | 632.9501 |
| Item number | P24 |
| 100 ## - MAIN ENTRY--PERSONAL NAME | |
| Personal name | Parmar, Balraj S. |
| 245 00 - TITLE STATEMENT | |
| Title | Pesticide formulation : |
| Remainder of title | Theory and practice / |
| Statement of responsibility, etc. | Balraj S. Parmar and Sarman S. Tomar |
| 260 ## - PUBLICATION, DISTRIBUTION, ETC. (IMPRINT) | |
| Place of publication, distribution, etc. | New Delhi : |
| Name of publisher, distributor, etc. | CBS Publishers ; |
| Date of publication, distribution, etc. | c2004. |
| 300 ## - PHYSICAL DESCRIPTION | |
| Extent | xvii, 414 p. : |
| Other physical details | ill. ; |
| Dimensions | 24 cm. |
| 500 ## - GENERAL NOTE | |
| General note | "United Nations Indutrial Development Organisation, Vienna." |
| 504 ## - BIBLIOGRAPHY, ETC. NOTE | |
| Bibliography, etc | Includes bibliographical references and index. |
| 590 ## - Name of Cataloguer | |
| Name of Cataloger | IMRAN |
| 650 #0 - SUBJECT ADDED ENTRY--TOPICAL TERM | |
| Topical term or geographic name as entry element | Pesticides |
| Geographic subdivision | Developing countries |
| General subdivision | Formulation. |
| 650 #0 - SUBJECT ADDED ENTRY--TOPICAL TERM | |
| Topical term or geographic name as entry element | Entomology |
| 700 1# - ADDED ENTRY--PERSONAL NAME | |
| Personal name | Tomar, Sarman S. |
| 942 ## - ADDED ENTRY ELEMENTS (KOHA) | |
| Source of classification or shelving scheme | Dewey Decimal Classification |
| Koha item type | Book |
| Withdrawn status | Lost status | Source of classification or shelving scheme | Damaged status | Not for loan | Home library | Branch Name | Shelving location | Date acquired | Total Checkouts | Full call number | Barcode | Date last seen | Price effective from | Koha item type | Collection code | Date checked out |
|---|---|---|---|---|---|---|---|---|---|---|---|---|---|---|---|---|
| Dewey Decimal Classification | SAU Library | SAU Library | General Stacks | 26/09/2007 | 632.9501 P24 | 32560 | 14/01/2015 | 14/01/2015 | Book | |||||||
| Dewey Decimal Classification | Not For Loan | SAU Library | SAU Library | Reference | 26/09/2007 | 632.9501 P24 | 32553 | 14/01/2015 | 14/01/2015 | Book | Reference | |||||
| Dewey Decimal Classification | SAU Library | SAU Library | General Stacks | 26/09/2007 | 1 | 632.9501 P24 | 32562 | 16/08/2022 | 14/01/2015 | Book | 14/08/2022 | |||||
| Dewey Decimal Classification | SAU Library | SAU Library | General Stacks | 26/09/2007 | 632.9501 P24 | 32561 | 14/01/2015 | 14/01/2015 | Book | |||||||
| Dewey Decimal Classification | SAU Library | SAU Library | General Stacks | 26/09/2007 | 632.9501 P24 | 32559 | 21/01/2015 | 21/01/2015 | Book | |||||||
| Dewey Decimal Classification | SAU Library | SAU Library | General Stacks | 26/09/2007 | 1 | 632.9501 P24 | 32563 | 27/07/2022 | 20/06/2015 | Book | 18/07/2022 |
